|
|
|
|
| LEADER |
00000naa a22000002c 4500 |
| 001 |
191732202X |
| 003 |
DE-627 |
| 005 |
20250215044118.0 |
| 007 |
tu |
| 008 |
250215s1989 xx ||||| 00| ||eng c |
| 020 |
|
|
|a 0822309262
|
| 035 |
|
|
|a (DE-627)191732202X
|
| 035 |
|
|
|a (DE-599)KXP191732202X
|
| 040 |
|
|
|a DE-627
|b ger
|c DE-627
|e rda
|
| 041 |
|
|
|a eng
|
| 084 |
|
|
|a 0
|2 ssgn
|
| 100 |
1 |
|
|e VerfasserIn
|0 (DE-588)122187350
|0 (DE-627)567059448
|0 (DE-576)165540419
|4 aut
|a Baer, Hans A.
|d 1944-
|
| 109 |
|
|
|a Baer, Hans A. 1944-
|a Baer, H. A. 1944-
|a Baer, Hans 1944-
|
| 245 |
1 |
0 |
|a Black Spiritual Churches: Thaumaturgical Responses to Racism and Social Stratification
|
| 264 |
|
1 |
|c 1989
|
| 336 |
|
|
|a Text
|b txt
|2 rdacontent
|
| 337 |
|
|
|a ohne Hilfsmittel zu benutzen
|b n
|2 rdamedia
|
| 338 |
|
|
|a Band
|b nc
|2 rdacarrier
|
| 601 |
|
|
|a Spiritual
|
| 773 |
0 |
8 |
|i Enthalten in
|t African American religious studies
|d Durham, NC [u.a.] : Duke Univ. Pr., 1989
|g (1989), Seite 82-100
|h XXII, 468 S
|w (DE-627)275657337
|w (DE-576)019803257
|z 0822309041
|z 0822309262
|7 nnam
|
| 773 |
1 |
8 |
|g year:1989
|g pages:82-100
|
| 935 |
|
|
|a mteo
|
| 951 |
|
|
|a AR
|
| ELC |
|
|
|b 1
|
| ITA |
|
|
|a 1
|t 1
|
| LOK |
|
|
|0 000 xxxxxcx a22 zn 4500
|
| LOK |
|
|
|0 001 4664445911
|
| LOK |
|
|
|0 003 DE-627
|
| LOK |
|
|
|0 004 191732202X
|
| LOK |
|
|
|0 005 20250215032912
|
| LOK |
|
|
|0 008 250215||||||||||||||||ger|||||||
|
| LOK |
|
|
|0 035
|a (DE-Tue135)275657337_1989_82
|
| LOK |
|
|
|0 040
|a DE-Tue135
|c DE-627
|d DE-Tue135
|
| LOK |
|
|
|0 092
|o n
|
| LOK |
|
|
|0 852
|a DE-Tue135
|
| LOK |
|
|
|0 852 1
|9 00
|
| LOK |
|
|
|0 935
|a imwa
|a ixau
|a rwrk
|
| LOK |
|
|
|0 939
|a 15-02-25
|b l01
|
| ORI |
|
|
|a SA-MARC-ixtheoa001.raw
|
| REL |
|
|
|a 1
|
| SUB |
|
|
|a REL
|